书目信息 |
| 题名: |
高校乒乓球课程建设与教学训练
|
|
| 作者: | 赵曼曼 著 | |
| 分册: | ||
| 出版信息: | 长春 吉林人民出版社 2021 |
|
| 页数: | 160页 | |
| 开本: | 24cm | |
| 丛书名: | ||
| 单 册: | ||
| 中图分类: | G846.2 | |
| 科图分类: | ||
| 主题词: | 乒乓球运动--体育教学--教学研究--高等学校 | |
| 电子资源: | ||
| ISBN: | 978-7-206-18393-5 | |
| 000 | 00801nam0 2200217 450 | |
| 001 | 2369050059 | |
| 005 | 20231124191058.88 | |
| 010 | @a978-7-206-18393-5@dCNY58.00 | |
| 100 | @a20220819d2021 em y0chiy50 ea | |
| 101 | 0 | @achi |
| 102 | @aCN@b220000 | |
| 105 | @ay z 000yy | |
| 200 | 1 | @a高校乒乓球课程建设与教学训练@Agao xiao ping pang qiu ke cheng jian she yu jiao xue xun lian@f赵曼曼著 |
| 210 | @a长春@c吉林人民出版社@d2021 | |
| 215 | @a160页@d24cm | |
| 330 | @a本书以高校乒乓球运动与课程开设为核心,探索了乒乓球课程建设的方法、过程与开展现状,探究了学生乒乓球专业技能教学与训练,发现其中的问题并提出解决对策。 | |
| 606 | 0 | @a乒乓球运动@x体育教学@x教学研究@x高等学校 |
| 690 | @aG846.2@v5 | |
| 701 | 0 | @a赵曼曼@Azhao man man@4著 |
| 801 | 0 | @aCN@b山东中教@c20231119 |
| 905 | @aBZT@dG846.2@e2 | |
| 高校乒乓球课程建设与教学训练/赵曼曼著.-长春:吉林人民出版社,2021 |
| 160页;24cm |
| ISBN 978-7-206-18393-5:CNY58.00 |
| 本书以高校乒乓球运动与课程开设为核心,探索了乒乓球课程建设的方法、过程与开展现状,探究了学生乒乓球专业技能教学与训练,发现其中的问题并提出解决对策。 |
| ● |
| 相关链接 |
|
|
|
正题名:高校乒乓球课程建设与教学训练
索取号:G846.2/2
 
预约/预借
| 序号 | 登录号 | 条形码 | 馆藏地/架位号 | 状态 | 备注 |
| 1 | 2000985035 | 2000985035 | 中教第一批/山东中教(第一批)/630/ [索取号:G846.2/2] | 在馆 | |
| 2 | 2000985036 | 2000985036 | 中教第一批/山东中教(第一批)/630/ [索取号:G846.2/2] | 在馆 | |
| 3 | 2000985037 | 2000985037 | 中教第一批/山东中教(第一批)/630/ [索取号:G846.2/2] | 在馆 | |
| 4 | 2000985038 | 2000985038 | 中教第一批/山东中教(第一批)/630/ [索取号:G846.2/2] | 在馆 | |
| 5 | 2000985039 | 2000985039 | 中教第一批/山东中教(第一批)/630/ [索取号:G846.2/2] | 在馆 | |
| 6 | 2000985040 | 2000985040 | 中教第一批/山东中教(第一批)/630/ [索取号:G846.2/2] | 在馆 |